Подробности
| 000 -МАРКЕР |
| контрольное поле |
02277nam0a2200349 4500 |
| 001 - ИДЕНТИФИКАТОР ЗАПИСИ |
| контрольное поле |
RU\NLR\bibl\1248872 |
| 005 - ИДЕНТИФИКАТОР ВЕРСИИ |
| контрольное поле |
20260407082014.0 |
| 010 ## - МЕЖДУНАРОДНЫЙ СТАНДАРТНЫЙ НОМЕР КНИГИ (ISBN) |
| Номер (ISBN) |
978-5-91544-001-1 |
| Тираж |
3000 |
| 021 ## - НОМЕР ГОСУДАРСТВЕННОЙ РЕГИСТРАЦИИ |
| Код страны |
российская федерация |
| Номер |
2008-37011 |
| Номер Листа государственной регистраци |
2037 |
| 035 ## - ДРУГИЕ СИСТЕМНЫЕ НОМЕРА |
| Идентификатор записи |
(NLR Aleph) 001234998 |
| 100 ## - ДАННЫЕ ОБЩЕЙ ОБРАБОТКИ |
| Данные общей обработки |
20080704d2007 |||y0rusy50 ca |
| 101 0# - ЯЗЫК РЕСУРСА |
| Язык текста, звукозаписи и т.д. |
русский |
| 102 ## - СТРАНА ПУБЛИКАЦИИ ИЛИ ПРОИЗВОДСТВА |
| Страна публикации |
российская федерация |
| 105 ## - ПОЛЕ КОДИРОВАННЫХ ДАННЫХ: ТЕКСТОВЫЕ МАТЕРИАЛЫ, МОНОГРАФИЧЕСКИЕ |
| Кодированные данные о монографическом текстовом документе |
a ||||||||| |
| 200 1# - ЗАГЛАВИЕ И СВЕДЕНИЯ ОБ ОТВЕТСТВЕННОСТИ |
| Основное заглавие |
Академия гражданской защиты - кузница кадров МЧС России |
| Сведения, относящиеся к заглавию |
15-летию Академии посвящается |
| Первые сведения об ответственности |
[Антонова Т.Н., Бочанцев А.С., Волков А.В. и др. |
| Последующие сведения об ответственности |
под общ. ред. к.э.н., ген.-полк. Попова П.А.] |
| -- |
М-во Рос. Федерации по делам гражд. обороны, чрезвычайным ситуациям и ликвидации последствий стихийных бедствий |
| 210 ## - ПУБЛИКАЦИЯ, РАСПРОСТРАНЕНИЕ И ДР. |
| Место издания, распространения и т.д. |
Новогорск |
| -- |
г. Химки |
| Имя издателя, распространителя и т. д. |
АГЗ МЧС |
| Место издания, распространения и т.д. |
Москва |
| Имя издателя, распространителя и т. д. |
АНМИ |
| Дата издания, распространения и т.д. |
2007 |
| 215 ## - ФИЗИЧЕСКАЯ ХАРАКТЕРИСТИКА |
| Специфическое обозначение материала и объем |
412 с. |
| Другие сведения о физической характеристике |
ил., цв. ил., портр. |
| Размеры |
25 |
| 300 ## - ОБЩИЕ ПРИМЕЧАНИЯ |
| Текст примечания |
Авт. указаны на обороте тит. л. |
| 601 02 - НАИМЕНОВАНИЕ ОРГАНИЗАЦИИ КАК ПРЕДМЕТ |
| Начальный элемент ввода |
Академия гражданской защиты |
| Идентифицирующий признак |
Москва, город |
| Системный номер авторитетной/нормативной записи |
2309616 |
| Идентификатор авторитетной/нормативной записи |
RU\NLR\auth\661382326 |
| 686 ## - ИНДЕКСЫ ДРУГИХ КЛАССИФИКАЦИЙ |
| Индекс |
Ц4,6(2Р)399.6 |
| 701 #1 - ИМЯ ЛИЦА - АЛЬТЕРНАТИВНАЯ ОТВЕТСТВЕННОСТЬ |
| Код отношения |
Автор |
| Материалы, к которым относится поле |
rus |
| Графика поля |
Кириллица |
| Начальный элемент ввода |
Антонова |
| Часть имени, кроме начального элемента ввода |
Т. Н. |
| Дополнения к именам, кроме дат |
инженер |
| Идентификатор авторитетной/нормативной записи |
RU\NLR\auth\7771239 |
| Системный номер авторитетной/нормативной записи |
54167 |
| 701 #1 - ИМЯ ЛИЦА - АЛЬТЕРНАТИВНАЯ ОТВЕТСТВЕННОСТЬ |
| Начальный элемент ввода |
Бочанцев |
| Часть имени, кроме начального элемента ввода |
А. С. |
| Код отношения |
Автор |
| 701 #1 - ИМЯ ЛИЦА - АЛЬТЕРНАТИВНАЯ ОТВЕТСТВЕННОСТЬ |
| Код отношения |
Автор |
| Материалы, к которым относится поле |
rus |
| Графика поля |
Кириллица |
| Начальный элемент ввода |
Волков |
| Часть имени, кроме начального элемента ввода |
А. В. |
| Дополнения к именам, кроме дат |
подполковник, МЧС |
| Идентификатор авторитетной/нормативной записи |
RU\NLR\AUTH\7771245 |
| Системный номер авторитетной/нормативной записи |
54173 |
| 702 #1 - ИМЯ ЛИЦА - ВТОРИЧНАЯ ОТВЕТСТВЕННОСТЬ |
| Код отношения |
Редактор |
| Материалы, к которым относится поле |
rus |
| Графика поля |
Кириллица |
| Начальный элемент ввода |
Попов |
| Часть имени, кроме начального элемента ввода |
П. А. |
| Дополнения к именам, кроме дат |
канд. экон. наук, ген.-полк. |
| Даты |
1957- |
| Расширение инициалов личного имени |
Павел Анатольевич |
| Идентификатор авторитетной/нормативной записи |
RU\NLR\auth\7771240 |
| Системный номер авторитетной/нормативной записи |
54168 |
| 712 01 - НАИМЕНОВАНИЕ ОРГАНИЗАЦИИ - ВТОРИЧНАЯ ОТВЕТСТВЕННОСТЬ |
| Код отношения |
Прочие |
| Начальный элемент ввода |
Российская Федерация |
| Структурное подразделение |
Министерство по делам гражданской обороны, чрезвычайным ситуациям и ликвидации последствий стихийных бедствий |
| Идентификатор авторитетной/нормативной записи |
RU\NLR\AUTH\887449 |
| Системный номер авторитетной/нормативной записи |
287026 |
| 801 #0 - ИСТОЧНИК ЗАПИСИ |
| Страна |
российская федерация |
| Организация |
NLR |
| Дата составления |
20080704 |
| Правила каталогизации |
RCR |
| 801 #1 - ИСТОЧНИК ЗАПИСИ |
| Страна |
российская федерация |
| Организация |
NLR |
| Дата составления |
20080704 |
| 942 ## - ДОПОЛНИТЕЛЬНЫЕ ЭЛЕМЕНТЫ ЗАПИСИ (АБИС) |
| Тип экземпляра АБИС |
Книга |
| 980 ## - КОЛЛЕКЦИЯ |
| Название коллекции |
Национальная библиография |